Liverworts and hornworts of India : (Record no. 142119)

MARC details
000 -LEADER
fixed length control field 00760nam a22002177a 4500
005 - DATE AND TIME OF LATEST TRANSACTION
control field 20170629095305.0
010 ## - LCCN (DPL NO)
LC control number ENG-119017
020 ## - INTERNATIONAL STANDARD BOOK NUMBER
Terms of availability 644.00
International Standard Book Number 8181770889
035 ## - SYSTEM CONTROL NUMBER
System control number EN-102549
037 ## - SOURCE OF ACQUISITION
Source of stock number/acquisition DBAD/PUB
082 ## - DEWEY DECIMAL CLASSIFICATION NUMBER
Classification number 588.30954
100 ## - MAIN ENTRY--PERSONAL NAME
Personal name D.K. Singh
245 ## - TITLE STATEMENT
Title Liverworts and hornworts of India :
Statement of responsibility, etc by D.K. Singh, S.K. Singh [and] Devendra Singh
Remainder of title an annotated checklist /
260 ## - PUBLICATION, DISTRIBUTION, ETC. (IMPRINT)
Place of publication, distribution, etc Kolkata
Name of publisher, distributor, etc Botanical Survey of India
Date of publication, distribution, etc 2016
270 ## - ADDRESS
City Kolkata
Postal code 700064
Address CGO Complex, 3rd MSO Building, Block -1, 5th & 6th floor, DF Block, Sector -1, Salt lake city
300 ## - PHYSICAL DESCRIPTION
Extent 439p.
Dimensions 24cm(Hb)
500 ## - GENERAL NOTE
General note includes references and index
700 ## - ADDED ENTRY--PERSONAL NAME
Personal name S.K. Singh
700 ## - ADDED ENTRY--PERSONAL NAME
Personal name Devendra Singh
942 ## - ADDED ENTRY ELEMENTS (KOHA)
Source of classification or shelving scheme Dewey Decimal Classification
Item type English Books
Call number suffix DKS
Classification part 588.30954
Holdings
Withdrawn status Lost status Not for loan Collection code Home library Current library Date acquired Source of acquisition Cost, normal purchase price Full call number Barcode Copy number Cost, replacement price Koha item type
      Non-fiction Bawana Bawana 28/06/2017 DBAD/PUB. 644.00 588.30954 DKS EN-102549 1 644.00 English Books

© Delhi Public Library
Hit Counter
free hit counter